| 000 | 00831nam a22001577a 4500 | ||
|---|---|---|---|
| 003 | SGT | ||
| 020 | _a9780070139381 | ||
| 082 |
_a621.381 _bOLI |
||
| 100 | _aOLIVER,BERNARD M | ||
| 245 | _aELECTRONIC MEASUREMENTS AND INSTRUMENTATION | ||
| 260 |
_aNEW DELHI _bTMH _c2013 |
||
| 300 | _a729 | ||
| 650 | _aELECTRONICS ENGINEERING | ||
| 653 | _aSINE WAVE TESTING OF LINEAR SYSTEMS, SQUARE WAVE AND PULSE TESTING OF LINEAR SYSTEMS, MEASUREMENTS OF WITH AND IN THE PRESENCE OF NOISE, SIGNAL ANALYSIS BY DIGITAL TECHNIQUES, DIRECT CURRENT INSTRUMENTS AMPLIFIERS, VOLTAGE AND CURRENT MEASUREMENTS, IMPEDANCE MEASUREMENT, AUDIO FREQUENCY SIGNAL SOURCES, OSCILLOSCOPES, MEASUREMENTS ON AUDIO AND VIDEO AMPLIFIERS, MEASUREMENTS ON TRANSMITTERS AND RECEIVERS, MICROWAVES SOURCES, MICROWAVE SIGNAL ANALYSIS, NETWORK ANALYSIS | ||
| 942 |
_2ddc _cBK |
||
| 999 |
_c8239 _d8239 |
||